[Event "4NCL/Div4/GUI4 vs. BRJ"]
[Site "West Bromwich ENG"]
[Date "2006.05.28"]
[Round "10.6"]
[White "Cabero, Pablo Padilla"]
[Black "Smart, Michael R"]
[Result "1-0"]
[WhiteElo "1955"]
[BlackElo "2070"]
[PlyCount "125"]
[EventDate "2006.05.28"]
[EventType "team"]
[EventRounds "11"]
[EventCountry "ENG"]
[SourceDate "2006.05.01"]
[WhiteTeam "Brown Jack"]
[BlackTeam "Guildford-ADC 4"]

1. e4 Nf6 2. d3 d6 3. Nc3 c6 4. g3 e5 5. Bg2 Bg4 6. f3 Be6 7. Be3 d5 8. d4 Nbd7
9. Nge2 dxe4 10. fxe4 Ng4 11. Bg1 Bb4 12. h3 exd4 13. Qxd4 Bxc3+ 14. Qxc3 Nge5
15. Be3 Qf6 16. Nd4 O-O 17. Rf1 Qe7 18. O-O-O b5 19. Nxc6 Nxc6 20. Qxc6 Rfc8
21. Qd6 Qd8 22. e5 Rab8 23. Bxa7 Qg5+ 24. Qd2 Qxe5 25. Bxb8 Qxb8 26. Bd5 Bxd5
27. Qxd5 Nf6 28. Qd6 Qa8 29. Rf5 h6 30. a3 Qa4 31. Rc5 Re8 32. Qc6 Re2 33. Qc8+
Re8 34. Qb7 Ne4 35. Rc8 Nf6 36. Rxe8+ Nxe8 37. Rd8 b4 38. Qb8 Kh7 39. Rxe8 bxa3
40. bxa3 Qxa3+ 41. Kb1 Qa5 42. Qb3 Qa7 43. Qd3+ g6 44. Re3 Qb7+ 45. Qb3 Qd7 46.
h4 Qd1+ 47. Ka2 Kg7 48. Rf3 Qd7 49. Qxf7+ Qxf7+ 50. Rxf7+ Kxf7 51. c4 g5 52. h5
Ke6 53. Kb3 Ke5 54. c5 g4 55. Kb4 Kd5 56. Kb5 Ke4 57. c6 Kf3 58. c7 Kxg3 59.
c8=Q Kh4 60. Qf5 g3 61. Qf4+ Kxh5 62. Kc4 g2 63. Qh2+ 1-0

[Event "4NCL/Div4/3CS2 vs. GLOSG"]
[Site "West Bromwich ENG"]
[Date "2006.05.28"]
[Round "10.1"]
[White "James, Dale R"]
[Black "White, Michael J R"]
[Result "1/2-1/2"]
[WhiteElo "2240"]
[BlackElo "2175"]
[PlyCount "101"]
[EventDate "2006.05.28"]
[EventType "team"]
[EventRounds "11"]
[EventCountry "ENG"]
[SourceDate "2006.05.01"]
[WhiteTeam "3Cs Oldham 2"]
[BlackTeam "Glos Gambits"]

1. e4 c5 2. Nc3 Nc6 3. f4 g6 4. Nf3 Bg7 5. Bb5 Nd4 6. O-O e6 7. d3 a6 8. Bc4 b5
9. Bb3 Bb7 10. Be3 Ne7 11. Bxd4 cxd4 12. Ne2 Qb6 13. a4 d5 14. e5 Nf5 15. Qd2
O-O 16. axb5 axb5 17. Qb4 Rfc8 18. Nexd4 Bc6 19. Rxa8 Rxa8 20. Kh1 Bf8 21. Qc3
Nxd4 22. Nxd4 Bb7 23. Nf3 d4 24. Qe1 Bxf3 25. Rxf3 Bb4 26. c3 dxc3 27. bxc3 Ra3
28. cxb4 Rxb3 29. h4 Qd4 30. h5 Rxd3 31. Rxd3 Qxd3 32. h6 Qf5 33. Qd1 Qh5+ 34.
Qxh5 gxh5 35. Kg1 f6 36. Kf2 fxe5 37. fxe5 Kf7 38. Ke3 Kg6 39. Kd4 Kf5 40. Kc5
Kxe5 41. Kxb5 Kd5 42. Ka6 e5 43. b5 e4 44. b6 e3 45. b7 e2 46. b8=Q e1=Q 47.
Qd8+ Kc6 48. Qf6+ Kc5 49. Kb7 Qe4+ 50. Kc7 h4 51. Qg5+ 1/2-1/2

[Event "4NCL/Div4/3CS2 vs. GLOSG"]
[Site "West Bromwich ENG"]
[Date "2006.05.28"]
[Round "10.2"]
[White "White, Ian R"]
[Black "Plant, Paul"]
[Result "0-1"]
[WhiteElo "2120"]
[BlackElo "2185"]
[PlyCount "96"]
[EventDate "2006.05.28"]
[EventType "team"]
[EventRounds "11"]
[EventCountry "ENG"]
[SourceDate "2006.05.01"]
[WhiteTeam "Glos Gambits"]
[BlackTeam "3Cs Oldham 2"]

1. e4 e6 2. d4 d5 3. e5 c5 4. c3 Nc6 5. Nf3 Qb6 6. a3 Nh6 7. b4 cxd4 8. cxd4
Nf5 9. Be3 f6 10. exf6 gxf6 11. Nc3 Nxe3 12. fxe3 Bg7 13. Bd3 O-O 14. O-O f5
15. Kh1 Qc7 16. Rc1 Qe7 17. Qe1 Bf6 18. Bb1 Bd7 19. Ba2 Kh8 20. Ne2 a5 21. b5
Nd8 22. a4 Qa3 23. Nc3 Rc8 24. Rf2 Nf7 25. Bb1 Nd6 26. Ra2 Qb4 27. Bd3 Rc7 28.
Ne2 Qxe1+ 29. Nxe1 Rxc1 30. Nxc1 Rc8 31. Rc2 Bg5 32. Rxc8+ Nxc8 33. Nc2 Nb6 34.
Nb3 Nxa4 35. Nc5 Nxc5 36. dxc5 Be7 37. Kg1 Bxc5 38. Kf1 Kg7 39. Ke2 Kf6 40. g4
fxg4 41. Bxh7 Bd6 42. Bd3 Bxh2 43. Nd4 Bd6 44. Nb3 Bb4 45. b6 a4 46. Nd4 Bc5
47. Nb5 Bxb5 48. Bxb5 a3 0-1

[Event "4NCL/Div4/3CS2 vs. GLOSG"]
[Site "West Bromwich ENG"]
[Date "2006.05.28"]
[Round "10.3"]
[White "Adams, Phil"]
[Black "Hosken, Nigel"]
[Result "1/2-1/2"]
[WhiteElo "2150"]
[BlackElo "2105"]
[PlyCount "132"]
[EventDate "2006.05.28"]
[EventType "team"]
[EventRounds "11"]
[EventCountry "ENG"]
[SourceDate "2006.05.01"]
[WhiteTeam "3Cs Oldham 2"]
[BlackTeam "Glos Gambits"]

1. e4 c5 2. Nc3 Nc6 3. Nge2 Nf6 4. d4 cxd4 5. Nxd4 e5 6. Ndb5 d6 7. Bg5 a6 8.
Na3 Be6 9. Nc4 Rc8 10. Bxf6 Qxf6 11. Nb6 Rb8 12. Ncd5 Qd8 13. c3 Ne7 14. Qa4+
Bd7 15. Nxd7 Qxd7 16. Qxd7+ Kxd7 17. Rd1 Nxd5 18. Rxd5 g6 19. g3 f5 20. Bh3 Ke6
21. O-O Be7 22. Rfd1 Kf6 23. exf5 gxf5 24. f4 Ke6 25. c4 Rbc8 26. b3 Rc5 27.
Rxc5 dxc5 28. fxe5 Rd8 29. Rf1 Rf8 30. Bg2 b6 31. Bd5+ Kd7 32. Rd1 h6 33. Bf7+
Kc7 34. Be6 Rd8 35. Rxd8 Kxd8 36. Bxf5 Bf8 37. Kg2 Bg7 38. e6 Ke7 39. Kf3 Bd4
40. h3 Kd6 41. Kg4 Ke7 42. Kh5 Be3 43. Kg6 Bd2 44. Bg4 Be3 45. a4 a5 46. Kf5
Bd4 47. Bf3 Bf2 48. g4 Bg3 49. Bd5 Bh4 50. Kg6 Bg5 51. h4 Bd2 52. g5 hxg5 53.
hxg5 Be3 54. Kf5 Bd2 55. Bc6 Be3 56. Bd7 Bd2 57. Bc6 Bc1 58. Bf3 Bd2 59. Bg4
Bc1 60. g6 Bb2 61. Ke4 Kd6 62. e7 Kxe7 63. Kd5 Kf6 64. Kc6 Bc3 65. Kxb6 Bb4 66.
Bf5 Kg7 1/2-1/2

[Event "4NCL/Div4/3CS2 vs. GLOSG"]
[Site "West Bromwich ENG"]
[Date "2006.05.28"]
[Round "10.4"]
[White "Buchanan, David"]
[Black "Firth, Malcolm"]
[Result "1/2-1/2"]
[WhiteElo "2095"]
[BlackElo "2130"]
[PlyCount "75"]
[EventDate "2006.05.28"]
[EventType "team"]
[EventRounds "11"]
[EventCountry "ENG"]
[SourceDate "2006.05.01"]
[WhiteTeam "Glos Gambits"]
[BlackTeam "3Cs Oldham 2"]

1. e4 e6 2. d4 d5 3. e5 c5 4. c3 Nc6 5. Nf3 Qb6 6. a3 c4 7. Be2 Bd7 8. Qc2 Nge7
9. Be3 Na5 10. Nbd2 h5 11. Nh4 Nb3 12. Nxb3 Ba4 13. O-O Qxb3 14. Qd2 Qc2 15.
Rac1 Qxd2 16. Bxd2 g6 17. f4 Nf5 18. Nf3 Be7 19. g3 a5 20. Kg2 b5 21. h3 h4 22.
gxh4 Nxh4+ 23. Nxh4 Bxh4 24. Bd1 Bxd1 25. Rfxd1 Be7 26. Rb1 Kd7 27. b4 axb4 28.
axb4 Ra2 29. Ra1 Rha8 30. Rxa2 Rxa2 31. Kf3 Ke8 32. Kg4 Kf8 33. h4 Kg7 34. h5
Ra8 35. hxg6 fxg6 36. Rh1 Ra2 37. Rd1 Kf7 38. Kf3 1/2-1/2

[Event "4NCL/Div4/3CS2 vs. GLOSG"]
[Site "West Bromwich ENG"]
[Date "2006.05.28"]
[Round "10.5"]
[White "Tompson, John C"]
[Black "Taylor, Geoffrey P"]
[Result "0-1"]
[WhiteElo "2050"]
[BlackElo "2050"]
[PlyCount "66"]
[EventDate "2006.05.28"]
[EventType "team"]
[EventRounds "11"]
[EventCountry "ENG"]
[SourceDate "2006.05.01"]
[WhiteTeam "3Cs Oldham 2"]
[BlackTeam "Glos Gambits"]

1. e4 c5 2. Nc3 Nc6 3. Bb5 g6 4. Bxc6 dxc6 5. d3 Bg7 6. f4 Nf6 7. Nf3 O-O 8. h3
Qc7 9. Be3 b6 10. Qd2 Rd8 11. Qf2 Ba6 12. a4 e6 13. O-O c4 14. d4 Rab8 15. Qh4
Qd7 16. Ne5 Qe8 17. f5 exf5 18. Bg5 Nxe4 19. Nxe4 Bxe5 20. dxe5 fxe4 21. Bxd8
Rxd8 22. Qf6 c3 23. Rad1 Rd5 24. Rxd5 cxd5 25. Rb1 cxb2 26. Rxb2 Bc4 27. a5 b5
28. c3 Qd7 29. Qg5 d4 30. Rd2 Bd3 31. cxd4 Qxd4+ 32. Kh2 h6 33. Qh4 g5 {
the rest is unreadable on both scoresheets} 0-1

[Event "4NCL/Div4/3CS2 vs. GLOSG"]
[Site "West Bromwich ENG"]
[Date "2006.05.28"]
[Round "10.6"]
[White "Dixon, Richard J"]
[Black "Platts, Philip S"]
[Result "1-0"]
[WhiteElo "2005"]
[BlackElo "2000"]
[PlyCount "95"]
[EventDate "2006.05.28"]
[EventType "team"]
[EventRounds "11"]
[EventCountry "ENG"]
[SourceDate "2006.05.01"]
[WhiteTeam "Glos Gambits"]
[BlackTeam "3Cs Oldham 2"]

1. e4 c6 2. Nc3 d5 3. Nf3 dxe4 4. Nxe4 Nd7 5. Bc4 e6 6. O-O Ngf6 7. Qe2 Nxe4 8.
Qxe4 Nf6 9. Qe2 Be7 10. d4 O-O 11. c3 c5 12. dxc5 Bxc5 13. Bg5 b6 14. Rad1 Qc7
15. Ne5 Be7 16. Bb3 a5 17. Bc2 Ba6 18. Bd3 Bxd3 19. Rxd3 Nd5 20. Bc1 Rad8 21.
Rh3 Nf6 22. Ng4 Nxg4 23. Qxg4 Qe5 24. Rh5 Qf6 25. Be3 Qg6 26. Qxg6 hxg6 27. Rb5
Rd6 28. c4 Rc8 29. b3 Rcc6 30. Rc1 Bd8 31. Kf1 Kf8 32. Ke2 f6 33. a4 Kf7 34. c5
bxc5 35. Rb7+ Rc7 36. Rxc7+ Bxc7 37. Rxc5 Bb6 38. Rb5 Bc7 39. Bd2 Rb6 40. Rxb6
Bxb6 41. Be3 Bxe3 42. Kxe3 Ke7 43. Kd4 Kd6 44. Kc4 Kc6 45. f4 g5 46. fxg5 f5
47. h4 e5 48. h5 1-0

[Event "4NCL/Div4/CAV vs. SXM"]
[Site "West Bromwich ENG"]
[Date "2006.05.28"]
[Round "10.1"]
[White "Harman, Kenneth B"]
[Black "Fraser, Joe P"]
[Result "1-0"]
[WhiteElo "2160"]
[BlackElo "2065"]
[PlyCount "83"]
[EventDate "2006.05.28"]
[EventType "team"]
[EventRounds "11"]
[EventCountry "ENG"]
[SourceDate "2006.05.01"]
[WhiteTeam "Cavendish"]
[BlackTeam "Sx Mindsports"]

1. e4 c5 2. Nf3 Nc6 3. Nc3 e5 4. Bc4 d6 5. d3 Be7 6. Nd2 Nf6 7. Nf1 Bg4 8. f3
Be6 9. Ne3 Nd4 10. O-O O-O 11. a4 Qd7 12. Ncd5 Bxd5 13. Nxd5 Nxd5 14. Bxd5 Kh8
15. c3 Ne6 16. f4 Nxf4 17. Bxf4 exf4 18. Rxf4 Bg5 19. Rf5 Be3+ 20. Kh1 g6 21.
Rf3 Bg5 22. Qb3 f6 23. Raf1 Kg7 24. d4 cxd4 25. cxd4 Rae8 26. h3 Re7 27. Kh2
Rc8 28. a5 Rc7 29. Qb4 Rc2 30. Qe1 Rc1 31. Qg3 Rxf1 32. Rxf1 Re8 33. h4 Bh6 34.
Qf3 Qe7 35. Qg4 Be3 36. Rd1 h5 37. Qg3 Bh6 38. Rd3 Rc8 39. Rb3 Rc7 40. a6 b6
41. Rf3 Qd7 42. e5 1-0

[Event "4NCL/Div4/CAV vs. SXM"]
[Site "West Bromwich ENG"]
[Date "2006.05.28"]
[Round "10.2"]
[White "Bucher, Grant W"]
[Black "Farrand, Julian T"]
[Result "0-1"]
[WhiteElo "2025"]
[BlackElo "2140"]
[PlyCount "44"]
[EventDate "2006.05.28"]
[EventType "team"]
[EventRounds "11"]
[EventCountry "ENG"]
[SourceDate "2006.05.01"]
[WhiteTeam "Sx Mindsports"]
[BlackTeam "Cavendish"]

1. e4 d6 2. d4 Nf6 3. Nc3 Nbd7 4. f4 e5 5. Nf3 exd4 6. Qxd4 c6 7. Bc4 d5 8.
exd5 Bc5 9. Qd3 O-O 10. Bd2 Re8+ 11. Ne2 Ne4 12. dxc6 bxc6 13. Ng5 Nxg5 14.
fxg5 Ne5 15. Qxd8 Rxd8 16. Bb3 Ba6 17. Rf1 Rd7 18. Rf4 Re8 19. Re4 Rde7 20. h3
Bd3 21. Ra4 Bxe2 22. Kxe2 Nc4+ 0-1

[Event "4NCL/Div4/CAV vs. SXM"]
[Site "West Bromwich ENG"]
[Date "2006.05.28"]
[Round "10.3"]
[White "Hamblin, David J"]
[Black "Tucker, Andrew L"]
[Result "1-0"]
[WhiteElo "2025"]
[BlackElo "1980"]
[PlyCount "61"]
[EventDate "2006.05.28"]
[EventType "team"]
[EventRounds "11"]
[EventCountry "ENG"]
[SourceDate "2006.05.01"]
[WhiteTeam "Cavendish"]
[BlackTeam "Sx Mindsports"]

1. d4 c5 2. d5 e5 3. e4 d6 4. Nc3 f5 5. exf5 Bxf5 6. Nge2 Nf6 7. Ng3 Bg6 8. h4
Nbd7 9. h5 Bf7 10. Bg5 Qa5 11. Bxf6 Nxf6 12. Bb5+ Kd8 13. O-O a6 14. Be2 Qb4
15. a3 Qxb2 16. Qd2 Qb6 17. Rab1 Qc7 18. a4 b6 19. Rb2 g6 20. Rfb1 Nd7 21. Bg4
Rb8 22. Nce4 Be7 23. c4 Bh4 24. Ng5 Bxg5 25. Qxg5+ Ke8 26. Ne4 gxh5 27. Bxd7+
Kxd7 28. Qf5+ Ke8 29. Qf6 Rg8 30. Nxd6+ Kf8 31. Nxf7 1-0

[Event "4NCL/Div4/CAV vs. SXM"]
[Site "West Bromwich ENG"]
[Date "2006.05.28"]
[Round "10.4"]
[White "Richardson, Joe M"]
[Black "Crichton, Martin"]
[Result "0-1"]
[WhiteElo "1950"]
[BlackElo "2035"]
[PlyCount "61"]
[EventDate "2006.05.28"]
[EventType "team"]
[EventRounds "11"]
[EventCountry "ENG"]
[SourceDate "2006.05.01"]
[WhiteTeam "Sx Mindsports"]
[BlackTeam "Cavendish"]

1. e4 c6 2. d4 d5 3. exd5 cxd5 4. c4 Nf6 5. Nc3 Nc6 6. Nf3 Bg4 7. Be3 e6 8. Qb3
Bxf3 9. gxf3 Qd7 10. cxd5 Nxd5 11. Nxd5 exd5 12. Bg2 Na5 13. Qd3 Bb4+ 14. Ke2
O-O 15. Rhg1 g6 16. h4 Nc4 17. b3 Nb2 18. Bh3 Qxh3 19. Qb5 Qf5 20. Rg5 Qc2+ 21.
Kf1 Nd3 22. h5 Rad8 23. hxg6 hxg6 24. Kg1 Bd2 25. Bxd2 Qxd2 26. Rg2 Rfe8 27.
Qxb7 Nf4 28. Rg4 Re1+ 29. Rxe1 Qxe1+ 30. Kh2 Qxf2+ 31. Kh1 0-1

[Event "4NCL/Div4/CAV vs. SXM"]
[Site "West Bromwich ENG"]
[Date "2006.05.28"]
[Round "10.5"]
[White "Egan, Michael PW"]
[Black "Bayliss, Lyall C P"]
[Result "1-0"]
[WhiteElo "2080"]
[BlackElo "1925"]
[PlyCount "37"]
[EventDate "2006.05.28"]
[EventType "team"]
[EventRounds "11"]
[EventCountry "ENG"]
[SourceDate "2006.05.01"]
[WhiteTeam "Cavendish"]
[BlackTeam "Sx Mindsports"]

1. Nf3 d5 2. c4 dxc4 3. e3 b5 4. a4 c6 5. axb5 cxb5 6. b3 Nd7 7. bxc4 bxc4 8.
Bxc4 Nb6 9. Bb5+ Bd7 10. Qb3 Bxb5 11. Qxb5+ Qd7 12. Qxb6 Rc8 13. Qb2 Nf6 14.
O-O g6 15. Ne5 Qd5 16. d4 Ra8 17. Nc3 Qd8 18. Qb3 e6 19. Qb7 1-0

[Event "4NCL/Div4/CAV vs. SXM"]
[Site "West Bromwich ENG"]
[Date "2006.05.28"]
[Round "10.6"]
[White "Grant, David"]
[Black "Chapman, Timothy J"]
[Result "1-0"]
[WhiteElo "1765"]
[BlackElo "1855"]
[PlyCount "51"]
[EventDate "2006.05.28"]
[EventType "team"]
[EventRounds "11"]
[EventCountry "ENG"]
[SourceDate "2006.05.01"]
[WhiteTeam "Sx Mindsports"]
[BlackTeam "Cavendish"]

1. e4 e5 2. Bc4 Nf6 3. d3 Nc6 4. Nc3 Bc5 5. a3 a6 6. f4 d6 7. f5 Nd4 8. Bg5 c6
9. Nf3 b5 10. Ba2 b4 11. axb4 Bxb4 12. O-O Bxc3 13. bxc3 Nxf3+ 14. Qxf3 Bb7 15.
Rab1 Qd7 16. Rfe1 h6 17. Bh4 Nh7 18. g4 f6 19. Qe3 c5 20. Rb6 Ke7 21. Reb1 Ra7
22. Qc1 Rd8 23. Qb2 Bc6 24. Bf2 Ng5 25. Qb3 Kf8 26. Qg8+ 1-0

[Event "4NCL/Div4/NOTT2 vs. SLOS4"]
[Site "West Bromwich ENG"]
[Date "2006.05.28"]
[Round "10.1"]
[White "Lakhani, Kishan"]
[Black "Varnam, Liam D"]
[Result "1/2-1/2"]
[WhiteElo "2010"]
[BlackElo "2110"]
[PlyCount "41"]
[EventDate "2006.05.28"]
[EventType "team"]
[EventRounds "11"]
[EventCountry "ENG"]
[SourceDate "2006.05.01"]
[WhiteTeam "Notts 2"]
[BlackTeam "Slough Sharks 4"]

1. e4 e5 2. Nf3 Nc6 3. Bb5 a6 4. Ba4 Nf6 5. O-O Nxe4 6. d4 b5 7. Bb3 d5 8. dxe5
Be6 9. c3 Bc5 10. Nbd2 O-O 11. Bc2 Nxf2 12. Rxf2 f6 13. exf6 Bxf2+ 14. Kxf2
Qxf6 15. Kg1 g5 16. Qe2 Rae8 17. Qd3 Rf7 18. h3 Ne7 19. Nd4 Bc8 20. N2f3 h6 21.
b4 1/2-1/2

[Event "4NCL/Div4/NOTT2 vs. SLOS4"]
[Site "West Bromwich ENG"]
[Date "2006.05.28"]
[Round "10.2"]
[White "Sparkes, Daniel A"]
[Black "Webster, Richard J"]
[Result "1/2-1/2"]
[WhiteElo "2030"]
[BlackElo "2020"]
[PlyCount "146"]
[EventDate "2006.05.28"]
[EventType "team"]
[EventRounds "11"]
[EventCountry "ENG"]
[SourceDate "2006.05.01"]
[WhiteTeam "Slough Sharks 4"]
[BlackTeam "Notts 2"]

1. e4 e6 2. d4 d5 3. Nd2 dxe4 4. Nxe4 Nd7 5. Nf3 Ngf6 6. Bd3 Nxe4 7. Bxe4 Nf6
8. Bg5 Be7 9. Bd3 h6 10. Bh4 O-O 11. O-O b6 12. c3 Bb7 13. h3 c5 14. dxc5 Bxc5
15. Qe2 Qc7 16. Bxf6 gxf6 17. Be4 Bxe4 18. Qxe4 f5 19. Qh4 Kg7 20. Rad1 Rad8
21. Nd4 Be7 22. Qh5 Bf6 23. Rd3 Bxd4 24. cxd4 Rd5 25. Rg3+ Kh7 26. Qh4 Qd8 27.
Qxd8 Rfxd8 28. Rc3 Rxd4 29. Rfc1 Rd1+ 30. Kh2 Rxc1 31. Rxc1 Rd2 32. Rc7 Kg6 33.
Rxa7 Rxb2 34. f3 e5 35. a4 f6 36. a5 bxa5 37. Rxa5 Rb8 38. Ra4 f4 39. Ra2 Kg5
40. Ra6 Re8 41. Kg1 Kf5 42. Kf2 Re6 43. Ra8 Rb6 44. Rh8 Rb2+ 45. Kf1 Kg6 46.
Rg8+ Kf7 47. Rh8 Kg7 48. Re8 Rb7 49. Kf2 Kg6 50. Re6 Rg7 51. Ra6 h5 52. Re6 Kg5
53. Re8 Kf5 54. Rh8 Kg6 55. Re8 Kg5 56. Re6 Ra7 57. Re8 Ra2+ 58. Kf1 Ra5 59.
Rg8+ Kf5 60. Rh8 Kg6 61. Rg8+ Kh7 62. Rb8 Kg7 63. Rb7+ Kg6 64. Rb6 Ra7 65. Kf2
Re7 66. Ra6 Kg5 67. Ra8 f5 68. Rg8+ Kf6 69. Rh8 Kg6 70. Rg8+ Rg7 71. Re8 Kf6
72. Rf8+ Kg6 73. Re8 Kf6 1/2-1/2

[Event "4NCL/Div4/NOTT2 vs. SLOS4"]
[Site "West Bromwich ENG"]
[Date "2006.05.28"]
[Round "10.3"]
[White "Thompson, Brian"]
[Black "Makepeace, Philip J"]
[Result "1/2-1/2"]
[WhiteElo "2030"]
[BlackElo "2050"]
[PlyCount "65"]
[EventDate "2006.05.28"]
[EventType "team"]
[EventRounds "11"]
[EventCountry "ENG"]
[SourceDate "2006.05.01"]
[WhiteTeam "Notts 2"]
[BlackTeam "Slough Sharks 4"]

1. d4 Nf6 2. Nf3 g6 3. c4 c5 4. g3 Bg7 5. Bg2 cxd4 6. Nxd4 O-O 7. O-O Qb6 8.
Nc3 Nc6 9. Nb3 d6 10. Nd5 Nxd5 11. cxd5 Ne5 12. Be3 Qa6 13. Bd4 Bg4 14. f3 Bd7
15. f4 Bb5 16. Re1 Nd7 17. Bxg7 Kxg7 18. Qd4+ Kg8 19. Bf3 Qb6 20. a4 Bc4 21.
Qxb6 Nxb6 22. Na5 Bxd5 23. e4 Bc6 24. Nxc6 bxc6 25. e5 d5 26. Be2 a5 27. Rec1
Rfc8 28. Rc2 Rab8 29. Ba6 Rc7 30. Bb5 d4 31. Rac1 d3 32. Rd2 Rbc8 33. Ba6
1/2-1/2

[Event "4NCL/Div4/NOTT2 vs. SLOS4"]
[Site "West Bromwich ENG"]
[Date "2006.05.28"]
[Round "10.4"]
[White "Coates, David"]
[Black "Harrison, John"]
[Result "0-1"]
[WhiteElo "2025"]
[BlackElo "2015"]
[PlyCount "62"]
[EventDate "2006.05.28"]
[EventType "team"]
[EventRounds "11"]
[EventCountry "ENG"]
[SourceDate "2006.05.01"]
[WhiteTeam "Slough Sharks 4"]
[BlackTeam "Notts 2"]

1. e4 e6 2. d4 d5 3. e5 c5 4. c3 Nc6 5. Nf3 Bd7 6. a3 Rc8 7. b4 cxd4 8. cxd4
Qb6 9. Bb2 Na5 10. Nbd2 Nc4 11. Nxc4 dxc4 12. Rc1 Qa6 13. Be2 b5 14. O-O Bc6
15. Nd2 Qb7 16. Bf3 Bxf3 17. Qxf3 Qxf3 18. Nxf3 Ne7 19. Ng5 Nd5 20. Ne4 Be7 21.
Nc5 O-O 22. g3 a5 23. Bc3 Nxc3 24. Rxc3 axb4 25. axb4 Rfd8 26. Ra1 Rxd4 27. Ra5
Bxc5 28. bxc5 b4 29. Rc1 c3 30. Rb5 Rc4 31. f4 g5 0-1

[Event "4NCL/Div4/NOTT2 vs. SLOS4"]
[Site "West Bromwich ENG"]
[Date "2006.05.28"]
[Round "10.5"]
[White "Wright, Antony J"]
[Black "Edgell, Ben P"]
[Result "0-1"]
[WhiteElo "1920"]
[BlackElo "2095"]
[PlyCount "112"]
[EventDate "2006.05.28"]
[EventType "team"]
[EventRounds "11"]
[EventCountry "ENG"]
[SourceDate "2006.05.01"]
[WhiteTeam "Notts 2"]
[BlackTeam "Slough Sharks 4"]

1. d4 Nf6 2. Nf3 e6 3. Bg5 Be7 4. e3 d6 5. Be2 Nbd7 6. c4 b6 7. Nc3 Bb7 8. h3
h6 9. Bf4 Ne4 10. Nxe4 Bxe4 11. O-O Bf6 12. Nd2 Bb7 13. Bh2 e5 14. Bf3 Bxf3 15.
Nxf3 O-O 16. Rb1 Qe7 17. Re1 e4 18. Nd2 Bh4 19. Qc2 f5 20. b4 c5 21. bxc5 dxc5
22. d5 Ne5 23. Bxe5 Qxe5 24. Qb2 Qd6 25. a4 Bd8 26. g3 h5 27. h4 Qg6 28. Kh2
Bc7 29. Qc2 Qg4 30. Kg2 Rae8 31. Qd1 Qg6 32. Qc2 f4 33. exf4 Rxf4 34. Nf1 Ref8
35. Re2 Qg4 36. Ne3 Qf3+ 37. Kg1 R4f6 38. Nf1 Be5 39. Qxe4 Qxe4 40. Rxe4 Bd4
41. Re2 Rxf2 42. Rxf2 Rxf2 43. Kh1 Rc2 44. Re1 Rxc4 45. d6 Bf6 46. Re8+ Kf7 47.
Ra8 Ke6 48. Rxa7 Kxd6 49. Ra6 Kc7 50. a5 bxa5 51. Rxa5 Rc1 52. Kg2 Rc2+ 53. Kf3
Bd4 54. Ke4 Rf2 55. Ne3 Re2 56. Ra3 Rxe3+ 0-1

[Event "4NCL/Div4/NOTT2 vs. SLOS4"]
[Site "West Bromwich ENG"]
[Date "2006.05.28"]
[Round "10.6"]
[White "Winchcombe, Andrew"]
[Black "Lakhani, Anjali"]
[Result "1/2-1/2"]
[WhiteElo "1870"]
[BlackElo "1755"]
[PlyCount "51"]
[EventDate "2006.05.28"]
[EventType "team"]
[EventRounds "11"]
[EventCountry "ENG"]
[SourceDate "2006.05.01"]
[WhiteTeam "Slough Sharks 4"]
[BlackTeam "Notts 2"]

1. e4 c5 2. Nf3 d6 3. d4 cxd4 4. Nxd4 Nf6 5. Nc3 g6 6. Be3 Bg7 7. Qd2 Nc6 8. f3
O-O 9. O-O-O Bd7 10. h4 h5 11. Nxc6 bxc6 12. Bh6 Be6 13. Bxg7 Kxg7 14. b3 Qa5
15. Kb2 Rab8 16. Be2 Rb7 17. Rhg1 Rfb8 18. Nb1 Qxd2 19. Nxd2 a5 20. Nc4 a4 21.
Na5 Rb6 22. Nc4 Rb4 23. Na5 R4b6 24. Nc4 Rb4 25. Na5 R4b6 26. Nc4 1/2-1/2

[Event "4NCL/Div4/CAMB2 vs. OXF3"]
[Site "West Bromwich ENG"]
[Date "2006.05.28"]
[Round "10.1"]
[White "Cooley, Oliver"]
[Black "Stembridge, Ed"]
[Result "1-0"]
[WhiteElo "2085"]
[BlackElo "1960"]
[PlyCount "47"]
[EventDate "2006.05.28"]
[EventType "team"]
[EventRounds "11"]
[EventCountry "ENG"]
[SourceDate "2006.05.01"]
[WhiteTeam "Cambridge Uni 2 "]
[BlackTeam "Oxford 3"]

1. e4 c5 2. Nf3 e6 3. d4 cxd4 4. Nxd4 Nc6 5. Nc3 a6 6. Be2 Qc7 7. O-O b5 8. Be3
Bb7 9. f4 Bc5 10. Qd3 Qb6 11. Rad1 Nf6 12. e5 Nb4 13. Qd2 Nfd5 14. Bf2 Nxc3 15.
bxc3 Nc6 16. Nb3 Bxf2+ 17. Rxf2 O-O 18. Qd6 Rad8 19. Nc5 Bc8 20. Bf3 Qb8 21.
Bxc6 Qxd6 22. exd6 dxc6 23. d7 f5 24. Rfd2 1-0

[Event "4NCL/Div4/CAMB2 vs. OXF3"]
[Site "West Bromwich ENG"]
[Date "2006.05.28"]
[Round "10.2"]
[White "Morris, Graham"]
[Black "Low, Ying Min"]
[Result "1-0"]
[WhiteElo "2025"]
[BlackElo "2050"]
[PlyCount "129"]
[EventDate "2006.05.28"]
[EventType "team"]
[EventRounds "11"]
[EventCountry "ENG"]
[SourceDate "2006.05.01"]
[WhiteTeam "Oxford 3"]
[BlackTeam "Cambridge Uni 2 "]

1. e4 c5 2. Nf3 e6 3. Qe2 Nc6 4. d3 Nd4 5. Nxd4 cxd4 6. g3 Ne7 7. Bg2 Nc6 8.
O-O g6 9. a4 Bg7 10. Na3 O-O 11. Nc4 d6 12. b3 Na5 13. Ba3 Nxc4 14. bxc4 Re8
15. f4 Qc7 16. Rfb1 Rb8 17. Qf2 b6 18. Bb2 e5 19. f5 f6 20. Bc1 g5 21. Bf3 Rf8
22. Bh5 Bd7 23. Qe2 Be8 24. Bd2 Bc6 25. h4 h6 26. Bg6 Be8 27. Qh5 Bxg6 28. Qxg6
Qf7 29. Qxf7+ Kxf7 30. hxg5 hxg5 31. g4 Rh8 32. Be1 Rh3 33. Kg2 Rhh8 34. Rb3
Rhc8 35. Rab1 Rc6 36. a5 Bf8 37. axb6 Rcxb6 38. Ba5 Rxb3 39. Rxb3 Rxb3 40. cxb3
Be7 41. Kf2 Ke8 42. Ke2 Kd7 43. Bd2 Bd8 44. b4 Kc6 45. Kd1 Bc7 46. Kc2 Bd8 47.
Kb3 Bc7 48. Ka4 Bd8 49. Bc1 Be7 50. Ka5 Kb7 51. Kb5 a6+ 52. Ka5 Bd8+ 53. Ka4
Bb6 54. Ba3 Bc7 55. b5 Kb6 56. bxa6 Kxa6 57. c5 dxc5 58. Bxc5 Bd8 59. Kb4 Ba5+
60. Kc4 Bd8 61. Kd5 Kb5 62. Bf8 Ka4 63. Kc4 Ka5 64. Bd6 Ka4 65. Bb4 1-0

[Event "4NCL/Div4/CAMB2 vs. OXF3"]
[Site "West Bromwich ENG"]
[Date "2006.05.28"]
[Round "10.3"]
[White "Gooding, Ian"]
[Black "Terry, Sean"]
[Result "1/2-1/2"]
[WhiteElo "2100"]
[BlackElo "2000"]
[PlyCount "102"]
[EventDate "2006.05.28"]
[EventType "team"]
[EventRounds "11"]
[EventCountry "ENG"]
[SourceDate "2006.05.01"]
[WhiteTeam "Cambridge Uni 2 "]
[BlackTeam "Oxford 3"]

1. e4 Na6 2. d4 d6 3. Nc3 g6 4. Be3 Bg7 5. Qd2 c6 6. Nf3 Qa5 7. h3 b5 8. Bd3 b4
9. Ne2 Nf6 10. O-O c5 11. e5 Nd7 12. a3 cxd4 13. Nexd4 dxe5 14. axb4 Qxb4 15.
c3 Qd6 16. Nb5 Qc6 17. Nxa7 Rxa7 18. Bxa7 e4 19. Nd4 Bxd4 20. Bxd4 e5 21. Bxa6
Bxa6 22. Be3 Bxf1 23. Kxf1 O-O 24. Qe2 f5 25. Bh6 Rb8 26. Qd2 f4 27. b4 Kf7 28.
Ra7 Rb7 29. Rxb7 Qxb7 30. Qa2+ Kf6 31. Qg8 Nb6 32. Qd8+ Kf5 33. Qf8+ Ke6 34.
Bg7 Nd7 35. Qe8+ Kd5 36. Qf7+ Kc6 37. Qe6+ Kb5 38. Bxe5 Nxe5 39. Qxe5+ Kc4 40.
Qd4+ Kb3 41. Ke1 g5 42. Qe5 Qa8 43. Qa5 Qc6 44. Qa1 e3 45. Qb1+ Kc4 46. f3 Qa4
47. Qb2 Kb5 48. Ke2 Kc4 49. Ke1 Kb5 50. Qe2+ Kb6 51. Qb2 Kb5 1/2-1/2